000 00584nam a2200229Ia 4500
003 OSt
005 20220924144619.0
006 a|||||r|||| 00| 0
007 ta
008 220923b |||||||| |||| 00| 0 urd d
024 _a316290
037 _cTextual
040 _aARTS
_cARTS
_burd
041 _2urd
_aurd
082 _aO168,1NFA3,5, M9
100 _aFaizi Faza Ibne
_9218010
245 0 _aDareecha-e-seem-o-sangam
260 _c1989
650 _aURDU POETRY
942 _hO168,1NFA3,5, M9
_cTEXL
_2CC
999 _c457624
_d457624